| 000 | 00434cam a2200193ua 4500 | ||
|---|---|---|---|
| 020 | _c1 | ||
| 041 |
_amal _h |
||
| 082 |
_a894.8121 _bKAK/SA |
||
| 100 | _aKakkad, N N . | ||
| 245 |
_aSalaba Geetham / _cN N Kakkad. _hTextual Documents |
||
| 250 |
_a1 / _b. |
||
| 260 |
_aThrissur : _bCurrent Books , _c1959. |
||
| 300 | _a79 ; . | ||
| 365 | _a1 | ||
| 504 | _a | ||
| 942 | _cBK | ||
| 999 |
_c3993 _d3993 |
||